| 000 | 00651nam a2200241Ia 4500 | ||
|---|---|---|---|
| 999 |
_c4472 _d4472 |
||
| 003 | 0100 | ||
| 008 | 130227s9999 xx 000 0 und d | ||
| 020 | _a9781844651139 | ||
| 040 | _cARRUPELIB | ||
| 050 | _aB833.H887 2008 | ||
| 100 |
_aHuenemann, Charlie _934346 |
||
| 245 | _aUnderstanding rationalism | ||
| 260 |
_bAcumen _aStocksfield, UK _c2008 |
||
| 300 | _aix | ||
| 300 | _b 166p 22cm | ||
| 440 |
_aUnderstanding movements in modern thought _95557 |
||
| 650 |
_aRationalism _985 |
||
| 942 |
_2lcc _cMONOGRAPH |
||